20 African cities furthest from a bigger, with a map. - Statistics

General Stats
  • This quiz has been taken 204 times
    24 since last reset
  • The average score is 19 of 20
Answers on the Map
Answers color-coded by a green-red scale on the quiz's map according to % correct below.
 
Answer Stats
Km Pop City Nearest bigger % Correct
825 7.30 M Abidjan Lagos
100%
994 4.95 M Addis Ababa Khartoum
100%
1033 4.40 M Algiers Casablanca
100%
- 23.2 M Cairo -
100%
1261 5.20 M Cape Town Johannesburg
100%
1045 4.37 M Dakar Bamako
100%
2776 15.1 M Johannesburg Kinshasa
100%
1605 7.40 M Khartoum Cairo
100%
1786 16.9 M Kinshasa Lagos
100%
3916 21.9 M Lagos Cairo
100%
1195 3.10 M Lusaka Johannesburg
100%
1017 2.32 M Mogadishu Nairobi
100%
1926 7.15 M Nairobi Khartoum
100%
1608 3.25 M Antananarivo Dar es Salaam
96%
920 5.95 M Bamako Abidjan
96%
2321 4.50 M Casablanca Bamako
96%
836 5.55 M Kano Lagos
91%
930 486 k Windhoek Gaborone
91%
1085 29.6 k Victoria Antsiranana
74%
913 492 k Nyala Khartoum
30%
No matching quizzes found
Score Distribution
Percent of People with Each Score
Percentile by Number Answered
Your Score History
You have not taken this quiz since the last reset